[Event "Scarborough CC-ch"]
[Site "Toronto CAN"]
[Date "2025.04.24"]
[Round "2.7"]
[White "Bi, William"]
[Black "Mutyalapati, Modith Aaroh"]
[Result "1/2-1/2"]
[WhiteElo "1892"]
[BlackElo "2232"]
[WhiteFideId "-1"]
[WhiteFideId "-1"]
[PlyCount "82"]
[GameId "2227752461894426"]
[EventDate "2025.04.17"]
[EventType "swiss"]
[EventRounds "10"]
[EventCountry "CAN"]

1. e4 e6 2. d4 d5 3. Nd2 Nf6 4. e5 Nfd7 5. Bd3 c5 6. c3 Nc6 7. Ne2 cxd4 8. cxd4 f6 9. f4 fxe5 10. fxe5 Nxd4 11. Nxd4 Qh4+ 12. g3 Qxd4 13. Nf3 Qb6 14. Qe2 Bb4+ 15. Kf1 O-O 16. Kg2 Rxf3 17. Qxf3 Nxe5 18. Bxh7+ Kxh7 19. Qh5+ Kg8 20. Qxe5 Bd6 21. Qh5 Bd7 22. Rf1 Be8 23. Qg4 Bf7 24. h4 Qb4 25. Qxb4 Bxb4 26. Bf4 d4 27. Rad1 Rd8 28. a3 Ba5 29. Bd2 Bxd2 30. Rxd2 e5 31. Re1 Re8 32. g4 Bd5+ 33. Kg3 Kf7 34. h5 Bc4 35. g5 d3 36. b3 Ba6 37. Re4 Ke6 38. Kf3 Kf5 39. h6 b6 40. Ke3 Bb7 41. Rf2+ Kg6 1/2-1/2

[Event "Scarborough CC-ch"]
[Site "Toronto CAN"]
[Date "2025.04.24"]
[Round "2.8"]
[White "Kola, Venkat Karthikeya R"]
[Black "Ugodnikov, Arkadiy"]
[Result "1-0"]
[WhiteElo "2228"]
[BlackElo "1753"]
[WhiteFideId "-1"]
[WhiteFideId "-1"]
[PlyCount "61"]
[GameId "2227752461894427"]
[EventDate "2025.04.17"]
[EventType "swiss"]
[EventRounds "10"]
[EventCountry "CAN"]

1. Nf3 Nf6 2. g3 d5 3. Bg2 g6 4. O-O Bg7 5. d3 O-O 6. Nbd2 Nc6 7. e4 dxe4 8. dxe4 e5 9. c3 Qe7 10. Qe2 h6 11. Rd1 Bg4 12. h3 Be6 13. b3 Rfd8 14. Bb2 a6 15. Nc4 Nh7 16. Ne3 Rxd1+ 17. Rxd1 Rd8 18. Nd5 Bxd5 19. exd5 Nb8 20. c4 Nd7 21. Qe3 b6 22. Nd4 Re8 23. Nc6 Qd6 24. b4 Qf8 25. Ba3 b5 26. c5 f5 27. d6 cxd6 28. Rxd6 Ndf6 29. Nxe5 Re7 30. Qb3+ Kh8 31. Nxg6# 1-0

[Event "Scarborough CC-ch"]
[Site "Toronto CAN"]
[Date "2025.04.24"]
[Round "2.9"]
[White "Sekaran, Adithya"]
[Black "Zhang, Daniel"]
[Result "0-1"]
[WhiteElo "1684"]
[BlackElo "2187"]
[WhiteFideId "-1"]
[WhiteFideId "-1"]
[PlyCount "148"]
[GameId "2227752461898524"]
[EventDate "2025.04.17"]
[EventType "swiss"]
[EventRounds "10"]
[EventCountry "CAN"]

1. d4 d5 2. c4 dxc4 3. e4 Nf6 4. e5 Nd5 5. Bxc4 Nb6 6. Bb3 Nc6 7. Nf3 Bf5 8. Nc3 e6 9. O-O Qd7 10. a3 O-O-O 11. Be3 Be7 12. Rc1 Bg4 13. h3 Bh5 14. Na4 Kb8 15. Nxb6 axb6 16. Ba4 Qd5 17. Bb3 Bxf3 18. Bxd5 Bxd1 19. Bxc6 bxc6 20. Rfxd1 Kb7 21. b4 Ra8 22. Rc3 Ra6 23. Rdc1 b5 24. R1c2 Rha8 25. Bc1 Rd8 26. Be3 g5 27. g3 f5 28. f4 Rg8 29. Kh2 h5 30. fxg5 Bxg5 31. Bf4 Be7 32. h4 Rg4 33. Rf2 Ra8 34. Kh3 Rgg8 35. Rfc2 Ra6 36. Kh2 Rd8 37. Be3 Rg8 38. Bf4 Rg6 39. Kh3 Bf8 40. Bg5 Bh6 41. Bxh6 Rxh6 42. Rf3 Rg6 43. Rcc3 Rg4 44. Rf4 Rg7 45. Kh2 Rd7 46. Kh3 Ra8 47. Kh2 Rad8 48. Rd3 Rd5 49. Kg2 Rxe5 50. dxe5 Rxd3 51. Rf3 Rd5 52. Re3 c5 53. bxc5 Rxc5 54. Kf3 Rc4 55. Rd3 Ra4 56. Rb3 Kb6 57. Rd3 Re4 58. Rb3 c5 59. Rd3 Rd4 60. Rc3 b4 61. axb4 cxb4 62. Rc8 Kb7 63. Rc5 Rd5 64. Rc4 Rb5 65. Kf4 b3 66. Rc1 Kb6 67. Kg5 Rxe5 68. Kxh5 f4+ 69. Kg6 fxg3 70. h5 g2 71. h6 Rf5 72. h7 Rf1 73. Rxf1 gxf1=Q 74. h8=Q Qf5+ 0-1

[Event "Scarborough CC-ch"]
[Site "Toronto CAN"]
[Date "2025.04.24"]
[Round "2.10"]
[White "Gao, Heye"]
[Black "Chamberland, Luc"]
[Result "1-0"]
[WhiteElo "2169"]
[BlackElo "1676"]
[WhiteFideId "-1"]
[WhiteFideId "-1"]
[PlyCount "63"]
[GameId "2227752461701897"]
[EventDate "2025.04.17"]
[EventType "swiss"]
[EventRounds "10"]
[EventCountry "CAN"]

1. e4 e6 2. d4 d5 3. Nc3 Nf6 4. e5 Nfd7 5. f4 c5 6. Nf3 Nc6 7. Be3 a6 8. Ne2 b5 9. c3 Qb6 10. a3 Bb7 11. Qc2 Rc8 12. h4 cxd4 13. Nexd4 Nxd4 14. Nxd4 Bc5 15. Bd3 g6 16. h5 g5 17. b4 Bxd4 18. Bxd4 Qc7 19. g3 h6 20. Qe2 Rg8 21. Qe3 gxf4 22. gxf4 Nb6 23. Rg1 Kd7 24. Bxb6 Qxc3+ 25. Ke2 Rg2+ 26. Rxg2 Qxa1 27. Rg1 Qa2+ 28. Qd2 Qxa3 29. Rg7 Rc1 30. Rxf7+ Kc6 31. Qxc1+ Qxc1 32. Rc7+ 1-0

[Event "Scarborough CC-ch"]
[Site "Toronto CAN"]
[Date "2025.04.24"]
[Round "2.11"]
[White "Kola, Venkata Saket Reddy"]
[Black "Deepak, Laksshana"]
[Result "0-1"]
[WhiteElo "1658"]
[BlackElo "2127"]
[WhiteFideId "-1"]
[WhiteFideId "-1"]
[PlyCount "80"]
[GameId "2227752461730570"]
[EventDate "2025.04.17"]
[EventType "swiss"]
[EventRounds "10"]
[EventCountry "CAN"]

1. d4 Nf6 2. Bf4 d5 3. e3 c5 4. Nf3 cxd4 5. exd4 Nc6 6. c3 g6 7. h3 Bg7 8. Bd3 O-O 9. Nbd2 Re8 10. O-O Bf5 11. Qc2 Bxd3 12. Qxd3 Qb6 13. Rab1 Rac8 14. Rfe1 Nd7 15. Ne5 Ncxe5 16. dxe5 e6 17. Be3 Nxe5 18. Bxb6 Nxd3 19. Re3 Nxb2 20. Bxa7 Rxc3 21. Rxc3 Bxc3 22. Bc5 Na4 23. Bb4 Bg7 24. Ba5 Bc3 25. Bxc3 Nxc3 26. Rxb7 Nxa2 27. Nf3 f6 28. Nd4 Nc3 29. Rc7 Ne4 30. Nc6 Nd6 31. Ne7+ Kf8 32. Rd7 Nf7 33. Nxd5 exd5 34. Rxd5 Re7 35. Kh2 Ra7 36. Rd2 Ng5 37. Re2 Kf7 38. f4 Ne6 39. g3 Nd4 40. Re4 Ra2+ 0-1

[Event "Scarborough CC-ch"]
[Site "Toronto CAN"]
[Date "2025.04.24"]
[Round "2.12"]
[White "Yang, Larry"]
[Black "Yamasaki, Dawson"]
[Result "1-0"]
[WhiteElo "2093"]
[BlackElo "1657"]
[WhiteFideId "-1"]
[WhiteFideId "-1"]
[PlyCount "111"]
[GameId "2227752461746955"]
[EventDate "2025.04.17"]
[EventType "swiss"]
[EventRounds "10"]
[EventCountry "CAN"]

1. e4 c5 2. Nf3 e6 3. g3 d5 4. exd5 exd5 5. d4 Nc6 6. Bg2 Nf6 7. O-O Be7 8. dxc5 Bxc5 9. Re1+ Be6 10. Ng5 O-O 11. Nc3 Qd7 12. Nxe6 fxe6 13. Be3 d4 14. Ne4 Bb6 15. Nxf6+ Rxf6 16. Bg5 Rf5 17. Bh3 Raf8 18. Bf4 R5f6 19. Qe2 Re8 20. Rad1 Qf7 21. Bg2 e5 22. Bxc6 bxc6 23. Qe4 Qxa2 24. Bxe5 Rfe6 25. f4 Qxb2 26. Qd3 Qb5 27. Ra1 Qd5 28. Reb1 c5 29. c4 Qd7 30. Qe4 d3 31. Rd1 Qd4+ 32. Qxd4 cxd4 33. Rxd3 Rc8 34. Rc1 Rec6 35. Bxd4 Rxc4 36. Rxc4 Rxc4 37. Bxb6 axb6 38. Rd8+ Kf7 39. Rb8 Rb4 40. Kg2 h6 41. Kf3 Rb1 42. Kg4 b5 43. Rb7+ Kg6 44. Rb6+ Kh7 45. h3 b4 46. f5 b3 47. Rb7 Kg8 48. Kh5 b2 49. Kg6 Kf8 50. g4 Rh1 51. Rxb2 Rxh3 52. Rb8+ Ke7 53. Kxg7 Rh4 54. f6+ Ke6 55. Rb4 Rh1 56. f7 1-0

[Event "Scarborough CC-ch"]
[Site "Toronto CAN"]
[Date "2025.04.24"]
[Round "2.13"]
[White "Ma, Quentin"]
[Black "Southam, David"]
[Result "1/2-1/2"]
[WhiteElo "1654"]
[BlackElo "2037"]
[WhiteFideId "-1"]
[WhiteFideId "-1"]
[PlyCount "67"]
[GameId "2227752461771532"]
[EventDate "2025.04.17"]
[EventType "swiss"]
[EventRounds "10"]
[EventCountry "CAN"]

1. e4 e6 2. d4 d5 3. exd5 exd5 4. c4 Bb4+ 5. Nc3 Ne7 6. Nf3 O-O 7. Bd3 Bf5 8. O-O Bxc3 9. bxc3 Bxd3 10. Qxd3 dxc4 11. Qxc4 Nbc6 12. Ba3 Re8 13. Bxe7 Qxe7 14. d5 Ne5 15. Nxe5 Qxe5 16. h3 Rad8 17. Rae1 Qxe1 18. Rxe1 Rxe1+ 19. Kh2 Rd1 20. Qxc7 R1xd5 21. Qxb7 R5d7 22. Qb5 Rc7 23. Qa5 Rdc8 24. a4 g6 25. f3 h5 26. Qa6 h4 27. a5 Rxc3 28. Qxa7 Ra3 29. Qb7 Rc1 30. Qb8+ Kh7 31. Qf8 Raa1 32. Qxf7+ Kh6 33. Qf4+ g5 34. Qf6+ 1/2-1/2

[Event "Scarborough CC-ch"]
[Site "Toronto CAN"]
[Date "2025.04.24"]
[Round "2.14"]
[White "Zhao, Shannon"]
[Black "Hong, Zihan"]
[Result "1-0"]
[WhiteElo "1649"]
[BlackElo "1999"]
[WhiteFideId "-1"]
[WhiteFideId "-1"]
[PlyCount "63"]
[GameId "2227752461775629"]
[EventDate "2025.04.17"]
[EventType "swiss"]
[EventRounds "10"]
[EventCountry "CAN"]

1. e4 c5 2. Nc3 Nc6 3. g3 g6 4. Bg2 Bg7 5. Nge2 e6 6. O-O Nge7 7. d3 O-O 8. Be3 b6 9. Qd2 d5 10. exd5 exd5 11. d4 cxd4 12. Nxd4 Ne5 13. b3 Bb7 14. Rad1 Qd7 15. Rfe1 Rac8 16. Bf4 f6 17. Nf3 Nxf3+ 18. Bxf3 Rfd8 19. Ne4 Qc6 20. Nd6 Rxd6 21. Rxe7 Rd7 22. Rde1 Rcd8 23. Bh6 Rxe7 24. Rxe7 Bh8 25. Qe2 Ba8 26. Bg4 f5 27. Bf3 Qd6 28. Rxa7 Bf6 29. Qa6 Qb8 30. Bf4 Qc8 31. Qxb6 Bg7 32. Rc7 1-0

[Event "Scarborough CC-ch"]
[Site "Toronto CAN"]
[Date "2025.04.24"]
[Round "2.15"]
[White "Sharpe, Sam"]
[Black "Wang, Alan"]
[Result "1/2-1/2"]
[WhiteElo "1921"]
[BlackElo "1622"]
[WhiteFideId "-1"]
[WhiteFideId "-1"]
[PlyCount "60"]
[GameId "2227752461787918"]
[EventDate "2025.04.17"]
[EventType "swiss"]
[EventRounds "10"]
[EventCountry "CAN"]

1. e4 c6 2. d4 d5 3. e5 c5 4. c3 Nc6 5. Nf3 Bg4 6. Be2 e6 7. O-O Qc7 8. Re1 Nge7 9. Nbd2 Nf5 10. dxc5 Bxc5 11. h3 Bxf3 12. Nxf3 Qb6 13. Nd4 Nfxd4 14. cxd4 Bxd4 15. Rf1 O-O 16. a4 Bxe5 17. Ra3 Rac8 18. Bd3 Ne7 19. Bxh7+ Kxh7 20. Qh5+ Kg8 21. Qxe5 Ng6 22. Qe2 Rc6 23. h4 Rfc8 24. Bg5 Rc2 25. Qf3 Qxb2 26. Rb3 Qd4 27. Rxb7 Ne5 28. Qg3 Nc6 29. Qf3 f6 30. Qh5 fxg5 1/2-1/2

[Event "Scarborough CC-ch"]
[Site "Toronto CAN"]
[Date "2025.04.24"]
[Round "2.16"]
[White "Dixon, Javier"]
[Black "Chen, Larry"]
[Result "0-1"]
[WhiteElo "1640"]
[BlackElo "1958"]
[WhiteFideId "-1"]
[WhiteFideId "-1"]
[PlyCount "64"]
[GameId "2227752461808399"]
[EventDate "2025.04.17"]
[EventType "swiss"]
[EventRounds "10"]
[EventCountry "CAN"]

1. d4 Nf6 2. Nf3 e6 3. Bf4 c5 4. e3 b6 5. Nc3 d5 6. Bb5+ Bd7 7. Bxd7+ Qxd7 8. Ne5 Qb7 9. O-O Be7 10. a4 O-O 11. Ng4 Nc6 12. Nb5 a6 13. Nc3 Nxg4 14. Qxg4 cxd4 15. exd4 Nxd4 16. Be5 Nf5 17. Rfd1 Rad8 18. Ne2 f6 19. Bc3 Bd6 20. Nd4 Nxd4 21. Rxd4 Rfe8 22. Rd3 e5 23. Rh3 d4 24. Bd2 Qc8 25. Qh5 Qxc2 26. Bh6 Qg6 27. Qd1 Kh8 28. Bd2 e4 29. Rc1 f5 30. Rh5 f4 31. Rh4 e3 32. Rg4 exd2 0-1

[Event "Scarborough CC-ch"]
[Site "Toronto CAN"]
[Date "2025.04.24"]
[Round "2.17"]
[White "Chen, Brady"]
[Black "Chen, Timmy"]
[Result "1-0"]
[WhiteElo "1612"]
[BlackElo "1755"]
[WhiteFideId "-1"]
[WhiteFideId "-1"]
[PlyCount "101"]
[GameId "2227752461824784"]
[EventDate "2025.04.17"]
[EventType "swiss"]
[EventRounds "10"]
[EventCountry "CAN"]

1. e4 c5 2. Nf3 d6 3. d4 cxd4 4. Nxd4 Nf6 5. Nc3 a6 6. h3 h5 7. Be2 e5 8. Nb3 Be6 9. f4 b5 10. Bf3 Qb6 11. Qe2 Bc4 12. Qf2 Qc7 13. Nd5 Bxd5 14. exd5 e4 15. Be2 Nxd5 16. Be3 Nc6 17. Rd1 Ncb4 18. O-O f5 19. c3 Nxe3 20. Qxe3 Nc6 21. Qg3 Qf7 22. Rd2 h4 23. Qe3 Rd8 24. Qb6 Qa7 25. Qxa7 Nxa7 26. Rd5 g6 27. c4 Bg7 28. cxb5 axb5 29. Bxb5+ Nxb5 30. Rxb5 Bxb2 31. Rd1 Rh7 32. Rb6 Ba3 33. Ra6 Bc5+ 34. Nxc5 dxc5 35. Rxd8+ Kxd8 36. Ra8+ Kc7 37. Ra7+ Kd6 38. Rxh7 c4 39. Rb7 Kc5 40. a4 Kd4 41. Kf2 c3 42. a5 Kd3 43. Ke1 Ke3 44. a6 Kxf4 45. a7 c2 46. Rc7 Kg3 47. Rxc2 f4 48. a8=Q f3 49. Qxe4 fxg2 50. Qg4+ Kh2 51. Qxg2# 1-0

[Event "Scarborough CC-ch"]
[Site "Toronto CAN"]
[Date "2025.04.24"]
[Round "2.18"]
[White "Lim, Carl"]
[Black "Kheni, Kush"]
[Result "0-1"]
[WhiteElo "1611"]
[BlackElo "1678"]
[WhiteFideId "-1"]
[WhiteFideId "-1"]
[PlyCount "86"]
[GameId "2227752461828881"]
[EventDate "2025.04.17"]
[EventType "swiss"]
[EventRounds "10"]
[EventCountry "CAN"]

1. d4 d5 2. c4 c6 3. cxd5 cxd5 4. Bg5 Bf5 5. e3 Qb6 6. Nc3 e6 7. Qd2 Nd7 8. Bb5 Be7 9. Bxe7 Nxe7 10. Bxd7+ Kxd7 11. Nf3 Nc6 12. a3 h6 13. O-O g5 14. b4 a6 15. Na4 Qc7 16. Rac1 f6 17. Rc3 Be4 18. Qe2 h5 19. Nd2 Bf5 20. e4 Bg6 21. exd5 exd5 22. Nc5+ Kc8 23. Qe6+ Kb8 24. Qxf6 Rg8 25. Re1 Ka7 26. Qf3 Nxd4 27. Qxd5 Rad8 28. Qa2 Nc2 29. Rc1 Qf4 30. R3xc2 Bxc2 31. Rxc2 Rgf8 32. Nf1 Rc8 33. Ne6 Qf5 34. Rxc8 Rxc8 35. Nc5 Rf8 36. Ne3 Qg6 37. h3 g4 38. hxg4 hxg4 39. Qc2 Qg7 40. a4 g3 41. fxg3 Qxg3 42. Nf1 Qg4 43. Nxa6 Qd4+ 0-1

[Event "Scarborough CC-ch"]
[Site "Toronto CAN"]
[Date "2025.04.24"]
[Round "2.19"]
[White "Yang, Lucy"]
[Black "Gebhardt, David"]
[Result "1/2-1/2"]
[WhiteElo "1674"]
[BlackElo "1606"]
[WhiteFideId "-1"]
[WhiteFideId "-1"]
[PlyCount "75"]
[GameId "2227752461837074"]
[EventDate "2025.04.17"]
[EventType "swiss"]
[EventRounds "10"]
[EventCountry "CAN"]

1. e4 c6 2. d4 d5 3. exd5 cxd5 4. Bd3 Nf6 5. h3 Nc6 6. c3 e6 7. Nf3 Bd6 8. O-O O-O 9. Re1 Qc7 10. Qe2 Re8 11. Ne5 a6 12. Nd2 b5 13. Ndf3 Bxe5 14. dxe5 Ne4 15. Bxe4 dxe4 16. Qxe4 Bb7 17. Qg4 Ne7 18. Nh4 Ng6 19. Nxg6 hxg6 20. h4 Rac8 21. Bg5 Qb6 22. Be3 Qc6 23. Red1 Red8 24. Bg5 Rd5 25. Re1 Rc5 26. Rad1 Rc4 27. Qg3 Re4 28. f3 Qc5+ 29. Kh1 Rxe1+ 30. Qxe1 Bd5 31. Qg1 Qc4 32. b3 Qe2 33. Qd4 Qxa2 34. b4 Qb3 35. Rc1 Rc4 36. Qe3 Qb2 37. Kg1 Qb3 38. Kh1 1/2-1/2

[Event "Scarborough CC-ch"]
[Site "Toronto CAN"]
[Date "2025.04.24"]
[Round "2.20"]
[White "Issani, Nameer"]
[Black "Vetrivel, Jai Hanuj"]
[Result "0-1"]
[WhiteElo "1575"]
[BlackElo "1665"]
[WhiteFideId "-1"]
[WhiteFideId "-1"]
[PlyCount "126"]
[GameId "2227752461853460"]
[EventDate "2025.04.17"]
[EventType "swiss"]
[EventRounds "10"]
[EventCountry "CAN"]

1. e4 e5 2. Nf3 Nc6 3. d4 exd4 4. Bc4 Nf6 5. e5 d5 6. Bb5 Nd7 7. O-O Be7 8. Re1 O-O 9. Bxc6 bxc6 10. Nxd4 Bc5 11. Nxc6 Qh4 12. Rf1 Qa4 13. Qxd5 Bb7 14. Qxd7 Bxc6 15. Qh3 Qxc2 16. Qg3 Kh8 17. Qc3 Qe4 18. Qg3 Bb5 19. Nc3 Qc4 20. Nxb5 Qxb5 21. Qc3 Rfe8 22. a3 Rad8 23. Bg5 Rd3 24. Qc2 Rxe5 25. Rfe1 Rdd5 26. Bf4 Rf5 27. Qe4 h6 28. g4 Rf6 29. Rad1 Re6 30. Qf3 Rxd1 31. Rxd1 Qe2 32. Rd8+ Kh7 33. Kg2 Qxf3+ 34. Kxf3 Rf6 35. Ke4 Bxf2 36. Bxc7 Rc6 37. Ba5 Rc4+ 38. Kf3 Bh4 39. Rd7 Rc2 40. Bc3 Rxh2 41. Rxa7 Kg6 42. a4 Rh3+ 43. Ke4 Bg5 44. Ra6+ f6 45. Re6 Rh4 46. a5 Rxg4+ 47. Kf3 Ra4 48. a6 Kf5 49. Re7 Rxa6 50. Rxg7 Re6 51. Kf2 h5 52. Bd4 h4 53. b4 Re4 54. Bc5 h3 55. Rh7 Kg4 56. Bd6 Rd4 57. Bc5 Rd2+ 58. Kg1 Kg3 59. Kf1 h2 60. Bb6 h1=Q+ 61. Rxh1 Rd1+ 62. Ke2 Rxh1 63. Kd3 f5 0-1

[Event "Scarborough CC-ch"]
[Site "Toronto CAN"]
[Date "2025.04.24"]
[Round "2.21"]
[White "Mesiti, Silvano"]
[Black "Adulfo, Vincent Angel"]
[Result "0-1"]
[WhiteElo "1563"]
[BlackElo "1649"]
[WhiteFideId "-1"]
[WhiteFideId "-1"]
[PlyCount "124"]
[GameId "2227752461865749"]
[EventDate "2025.04.17"]
[EventType "swiss"]
[EventRounds "10"]
[EventCountry "CAN"]

1. e4 e6 2. Nc3 d5 3. exd5 exd5 4. d4 Nf6 5. Nf3 Bb4 6. Bd2 O-O 7. Be2 Bg4 8. O-O Re8 9. Be3 Nbd7 10. a3 Bf8 11. Re1 c6 12. Rb1 Qc7 13. h3 Bh5 14. Nh4 Bxe2 15. Rxe2 Nb6 16. Qc1 Nc4 17. Nf3 Nxe3 18. fxe3 Bd6 19. g4 Bxa3 20. Ne5 Bd6 21. Qf1 Bxe5 22. dxe5 Rxe5 23. Qf4 Rae8 24. Kf2 Qb6 25. Rbe1 Qxb2 26. Nd1 Qb6 27. c3 Qd8 28. Kg2 Ne4 29. Rf1 Qc7 30. h4 R5e7 31. Qxc7 Rxc7 32. Ra2 a6 33. Ra3 Nf6 34. Kf3 Rce7 35. Rb3 Ne4 36. Rb2 a5 37. Kg2 b5 38. Ra2 a4 39. Ra3 Nd2 40. Rf2 Nc4 41. Raa2 Nxe3+ 42. Nxe3 Rxe3 43. Rf3 Re2+ 44. Rf2 Rxa2 45. Rxa2 Re4 46. Kf3 Kf8 47. Ra3 Ke7 48. Ra1 Kd6 49. Ra3 Kc5 50. h5 Kc4 51. g5 Rh4 52. h6 gxh6 53. gxh6 Rh3+ 54. Kf4 Rxc3 55. Ra1 a3 56. Kg5 b4 57. Kf6 b3 58. Rxa3 b2 59. Ra4+ Kb3 60. Ra8 Rc5 61. Kg7 b1=Q 62. Rb8+ Rb5 0-1

[Event "Scarborough CC-ch"]
[Site "Toronto CAN"]
[Date "2025.05.01"]
[Round "3.1"]
[White "Gummadi, Bhargav Ram"]
[Black "Blakely, Matt"]
[Result "0-1"]
[WhiteElo "1752"]
[BlackElo "2079"]
[WhiteFideId "-1"]
[WhiteFideId "-1"]
[PlyCount "76"]
[GameId "2226046759550583"]
[EventDate "2025.04.17"]
[EventType "swiss"]
[EventRounds "10"]
[EventCountry "CAN"]

1. e4 c5 2. Nf3 d6 3. d4 cxd4 4. Nxd4 Nf6 5. Nc3 a6 6. Bd3 e5 7. Nf3 b5 8. Bg5 Be6 9. Be2 Nbd7 10. a3 Be7 11. O-O O-O 12. h3 Qc7 13. Qd2 Nb6 14. Rfd1 Rfd8 15. Bxf6 Bxf6 16. Ng5 Bc4 17. Bd3 h6 18. Nf3 Be6 19. Ne2 d5 20. Ng3 Rac8 21. Nh5 dxe4 22. Nxf6+ gxf6 23. Qxh6 exd3 24. Qxf6 Nd5 25. Qg5+ Kf8 26. Nxe5 dxc2 27. Qh6+ Ke7 28. Re1 Kd6 29. f4 Qa7+ 30. Kh1 Rh8 31. Qg7 Rcg8 32. Nxf7+ Qxf7 33. Qe5+ Kd7 34. Qd4 Qxf4 35. Qa7+ Qc7 36. Qxa6 Qc6 37. Qa7+ Nc7 38. Qd4+ Kc8 0-1

[Event "Scarborough CC-ch"]
[Site "Toronto CAN"]
[Date "2025.05.01"]
[Round "3.3"]
[White "Vo, Timothy"]
[Black "Katz, Lyam"]
[Result "0-1"]
[WhiteElo "1684"]
[BlackElo "1826"]
[WhiteFideId "-1"]
[WhiteFideId "-1"]
[PlyCount "28"]
[GameId "2226046759767686"]
[EventDate "2025.04.17"]
[EventType "swiss"]
[EventRounds "10"]
[EventCountry "CAN"]

1. d4 Nf6 2. c4 g6 3. f3 c5 4. d5 d6 5. e4 e6 6. Nc3 a6 7. a4 exd5 8. cxd5 Bg7 9. Nge2 O-O 10. Bg5 Re8 11. Ng3 Nxe4 12. Ngxe4 Qxg5 13. Qe2 Qd8 14. Nf6+ Bxf6 0-1

[Event "Scarborough CC-ch"]
[Site "Toronto CAN"]
[Date "2025.05.01"]
[Round "3.4"]
[White "Chung, Noah"]
[Black "Kola, Venkat Karthikeya R"]
[Result "0-1"]
[WhiteElo "1870"]
[BlackElo "2228"]
[WhiteFideId "-1"]
[WhiteFideId "-1"]
[PlyCount "100"]
[GameId "2226046759771783"]
[EventDate "2025.04.17"]
[EventType "swiss"]
[EventRounds "10"]
[EventCountry "CAN"]

1. e4 c5 2. c3 Nf6 3. e5 Nd5 4. d4 cxd4 5. Qxd4 e6 6. Nf3 Nc6 7. Qg4 d6 8. exd6 Qxd6 9. Nbd2 Nf6 10. Qa4 Bd7 11. Nc4 Qc7 12. Qb3 Bc5 13. Be3 Bxe3 14. Nxe3 O-O 15. Bd3 e5 16. Ng5 h6 17. h4 Rae8 18. Bg6 Be6 19. Nxe6 Rxe6 20. Bf5 Rd6 21. g4 Na5 22. Qc2 Nc4 23. Rd1 Nxe3 24. fxe3 Rfd8 25. O-O e4 26. Rxd6 Qxd6 27. Qf2 Qe7 28. Qf4 Re8 29. g5 Nd5 30. Qg3 hxg5 31. hxg5 g6 32. Bh3 Qe5 33. Kg2 Qxg3+ 34. Kxg3 Nxe3 35. Re1 Nc4 36. b3 Nd6 37. Bg2 Re5 38. Kg4 b5 39. Bf1 Rc5 40. Re3 a6 41. Bg2 Nf5 42. Rxe4 Rxc3 43. Re8+ Kg7 44. Bb7 Nd6 45. Rb8 Nxb7 46. Rxb7 Rc2 47. a4 bxa4 48. Rb6 axb3 49. Rxa6 Rc4+ 50. Kf3 Rb4 0-1

[Event "Scarborough CC-ch"]
[Site "Toronto CAN"]
[Date "2025.05.01"]
[Round "3.5"]
[White "Zhang, Daniel"]
[Black "Yang, Larry"]
[Result "0-1"]
[WhiteElo "2187"]
[BlackElo "2093"]
[WhiteFideId "-1"]
[WhiteFideId "-1"]
[PlyCount "124"]
[GameId "2226046759775880"]
[EventDate "2025.04.17"]
[EventType "swiss"]
[EventRounds "10"]
[EventCountry "CAN"]

1. e4 c5 2. Nf3 Nc6 3. Bb5 d6 4. O-O Bd7 5. Re1 a6 6. Bf1 Nf6 7. c3 Bg4 8. h3 Bxf3 9. Qxf3 e6 10. Na3 Be7 11. Nc2 Qa5 12. b3 O-O 13. Bb2 Rfc8 14. Ne3 b5 15. d4 cxd4 16. cxd4 Nb4 17. e5 dxe5 18. dxe5 Nfd5 19. Nxd5 Nxd5 20. Bd3 Bb4 21. Re4 Bc3 22. b4 Bxb4 23. Rh4 g6 24. Rd1 Ra7 25. Be4 Bc3 26. Bxd5 Bxb2 27. Qe3 Rac7 28. Qh6 Bxe5 29. Qxh7+ Kf8 30. Bb3 Ke7 31. Qh6 Rh8 32. Qe3 Qc3 33. Re4 Qxe3 34. Rxe3 Bf6 35. Red3 Rhc8 36. g4 Rc1 37. Rd7+ Ke8 38. Kg2 Rxd1 39. Rxd1 Ke7 40. Rd3 g5 41. Kf3 Rc1 42. Ke2 a5 43. Rd1 Rc3 44. Rd3 Rc1 45. Rd1 Rc7 46. Rd2 a4 47. Bc2 Rc3 48. Bd3 b4 49. Bb5 Ra3 50. f3 Bc3 51. Rd7+ Kf6 52. Bc4 b3 53. axb3 axb3 54. Rb7 b2 55. Bd3 Ra1 56. Rb3 Be5 57. Kf2 Rd1 58. Be4 Rd2+ 59. Kf1 Rh2 60. f4 gxf4 61. Bg2 Kg5 62. Rb5 f6 0-1

[Event "Scarborough CC-ch"]
[Site "Toronto CAN"]
[Date "2025.05.01"]
[Round "3.6"]
[White "Satish Alwar, Dharsan"]
[Black "Gao, Heye"]
[Result "0-1"]
[WhiteElo "1724"]
[BlackElo "2169"]
[WhiteFideId "-1"]
[WhiteFideId "-1"]
[PlyCount "72"]
[GameId "2226046759800457"]
[EventDate "2025.04.17"]
[EventType "swiss"]
[EventRounds "10"]
[EventCountry "CAN"]

1. d4 d5 2. Nf3 Nf6 3. e3 e6 4. Bd3 Bd6 5. O-O b6 6. c4 Bb7 7. b3 O-O 8. Bb2 Nbd7 9. Nc3 c5 10. Rc1 Rc8 11. Qe2 Qe7 12. Rfd1 Rfd8 13. cxd5 exd5 14. Bf5 Re8 15. dxc5 bxc5 16. Qd3 d4 17. exd4 Bxf3 18. Qxf3 cxd4 19. Bxd7 Nxd7 20. Nd5 Qe5 21. g3 Rxc1 22. Rxc1 Nf8 23. Rd1 Ne6 24. Ne3 Bc5 25. Nc4 Qc7 26. Re1 h6 27. Re5 Bb6 28. Qe4 Bc5 29. a3 Rd8 30. f4 d3+ 31. Kf1 d2 32. Nxd2 Rxd2 33. Bc3 Rd8 34. f5 Ng5 35. Re8+ Bf8 36. Qe5 Qxe5 0-1

[Event "Scarborough CC-ch"]
[Site "Toronto CAN"]
[Date "2025.05.01"]
[Round "3.7"]
[White "Deepak, Laksshana"]
[Black "Zhao, Shannon"]
[Result "1-0"]
[WhiteElo "2127"]
[BlackElo "1649"]
[WhiteFideId "-1"]
[WhiteFideId "-1"]
[PlyCount "105"]
[GameId "2226046759808650"]
[EventDate "2025.04.17"]
[EventType "swiss"]
[EventRounds "10"]
[EventCountry "CAN"]

1. Nf3 Nc6 2. d4 d5 3. b3 Nf6 4. Bb2 e6 5. e3 Bd6 6. Be2 O-O 7. O-O Ne4 8. c4 b6 9. cxd5 exd5 10. Nbd2 f5 11. Qc1 Bb7 12. Ba3 Rf6 13. Bxd6 Qxd6 14. g3 Raf8 15. a3 Rg6 16. Nh4 Rh6 17. Ng2 Ne7 18. b4 Qd7 19. h4 Qd6 20. Nf3 Ng6 21. Ng5 Re8 22. Nh3 Qe7 23. b5 Bc8 24. Nhf4 Nxf4 25. Nxf4 Be6 26. Kg2 Bf7 27. a4 Rd6 28. Ra2 Rc8 29. Rc2 Be8 30. Qb2 c5 31. bxc6 Rcxc6 32. Rfc1 Rxc2 33. Qxc2 Rc6 34. Nxd5 Qf7 35. Bc4 Kh8 36. Nb4 Qb7 37. Nxc6 Bxc6 38. d5 Bd7 39. Bb5 Qxd5 40. Bxd7 Nc5+ 41. Kg1 Qxd7 42. Rd1 Qc8 43. Qxf5 Qe8 44. Qe5 Qf8 45. Qc7 Ne6 46. Qxa7 h6 47. Qxb6 Qf3 48. Rd2 Qf5 49. Rd6 Nc5 50. Qb5 Qe5 51. Qb8+ Kh7 52. Rxh6+ gxh6 53. Qxe5 1-0

[Event "Scarborough CC-ch"]
[Site "Toronto CAN"]
[Date "2025.05.01"]
[Round "3.8"]
[White "Mutyalapati, Modith Aaroh"]
[Black "Moran-Venegas, Mario"]
[Result "1-0"]
[WhiteElo "2232"]
[BlackElo "1704"]
[WhiteFideId "-1"]
[WhiteFideId "-1"]
[PlyCount "69"]
[GameId "2226046759816843"]
[EventDate "2025.04.17"]
[EventType "swiss"]
[EventRounds "10"]
[EventCountry "CAN"]

1. e4 c5 2. Nf3 d6 3. d4 cxd4 4. Nxd4 Nf6 5. Nc3 a6 6. Bc4 e6 7. Bb3 Be7 8. g4 h6 9. Rg1 Nc6 10. Be3 Bd7 11. h4 Rc8 12. g5 hxg5 13. hxg5 Nh5 14. g6 Nxd4 15. Bxd4 f6 16. Rh1 Qa5 17. e5 fxe5 18. Rxh5 Rf8 19. Qd2 Rf5 20. Rxf5 exf5 21. Nd5 Qxd2+ 22. Kxd2 Bg5+ 23. f4 Bh6 24. Be3 e4 25. Rh1 Kf8 26. Nf6 Bc6 27. Ng8 d5 28. Nxh6 gxh6 29. Bd4 Re8 30. Rxh6 e3+ 31. Ke1 Ke7 32. g7 Rg8 33. Rh8 Kf7 34. Rxg8 Kxg8 35. c4 1-0